000 00631nam a2200205Ia 4500
008 220216s9999 xx 000 0 und d
100 _aWannavilai Puripong
245 0 _aContinuous dewatering/drying process of natural rubber via twin-screw extrusion technique
260 _bIRRDB International Rubber Conference 14-17 December 2011, Chiang
650 _aBarrel
650 _aDry rubber
650 _aScrew
650 _aStandard Thai Rubber
650 _aTwin-screw extruder
700 _aChinsirikul Wannee
700 _aHararak Bongkot
700 _aKerddonfag Noppadon
700 _aKumsung Pramote
942 _cJS
999 _c56247
_d56247